000 00797nam a22002057a 4500
999 _c1294
_d1294
008 160314b xxu||||| |||| 00| 0 eng d
020 _a978-0-07-018499-2 (pbk.)
082 _22010
_aDC 004
_bW67u
100 _93787
_aWilliams, Brian K., author
245 _aUsing information technology :
_ba practical introduction to computers & communications/
_cBrian K. Williams, Stacey C. Sawyer.
250 _aEighth edition.
260 _aBoston :
_bMcGraw-Hill/Irwin,
_cc2010.
300 _axxiv, 563 pages:
_billustrations (chiefly color ) ;
_c28 cm.
500 _aIncludes bibliographical references and index.
650 0 _93790
_aComputers.
650 0 _93791
_aTelecommunication systems.
650 0 _93792
_aInformation technology.
700 _93788
_aSawyer, Stacey C.
942 _2ddc
_cDC